Kaizen - nástroj trvalého zlepšovania organizácie
Systém manažérstva kvality. Popis noriem, ktoré tvoria neoddeliteľnú súčasť systému manažérstva kvality. Nástroje a metódy, ktoré sa využívajú v systéme manažérstva kvality. Popis metódy Kaizen. Princípy pri metóde Kaizen, základné východiská a základné manažérske programy podporujúce Kaizen. Obla...
Na minha lista:
| Autor principal: | |
|---|---|
| Outros Autores: | |
| Formato: | Capítulo de Livro |
| Idioma: | eslovaco |
| Assuntos: | |
| Tags: |
Sem tags, seja o primeiro a adicionar uma tag!
|
MARC
| LEADER | 00000nla a2200000 4500 | ||
|---|---|---|---|
| 001 | 0160949 | ||
| 005 | 20220912135123.0 | ||
| 041 | 0 | |a slo | |
| 044 | |a SK | ||
| 245 | 1 | 0 | |a Kaizen - nástroj trvalého zlepšovania organizácie |c Marek Šolc, Andrea Sütöová |
| 520 | |a Systém manažérstva kvality. Popis noriem, ktoré tvoria neoddeliteľnú súčasť systému manažérstva kvality. Nástroje a metódy, ktoré sa využívajú v systéme manažérstva kvality. Popis metódy Kaizen. Princípy pri metóde Kaizen, základné východiská a základné manažérske programy podporujúce Kaizen. Oblasť totálneho riadenia kvality a metóda zlepšovacích návrhov. Konkrétny systém zlepšovania v organizácii. | ||
| 610 | 2 | 0 | |a kaizen |
| 610 | 2 | 0 | |a riadenie kvality |
| 610 | 2 | 0 | |a metódy riadenia |
| 610 | 2 | 0 | |a riadenie podnikové |
| 100 | 1 | |a Šolc, Marek | |
| 700 | 1 | |a Sütöová, Andrea | |